| 000 | 00675nam a22002057a 4500 | ||
|---|---|---|---|
| 005 | 20251108164908.0 | ||
| 008 | 250721s2000 xx 000 0 ara d | ||
| 082 | 1 | 4 | _a371.27/عبد |
| 100 | 1 | _aعبد الهادي، نبيل | |
| 245 | 1 | 0 | _aمدخل إلى القياس و التقويم التربوي و إستخدامه في مجال التدريس الصفي / |
| 250 | _aط2. | ||
| 264 | 1 |
_aعمان : _bدار وائل، _c2000. |
|
| 300 | _a205ص | ||
| 650 | 1 | 7 | _aالإختبارات و القياسات التربوية |
| 650 | 1 | 7 | _aالتدريس |
| 650 | 1 | 7 | _aالتقويم الصفي |
| 650 | 1 | 7 | _aالتربية |
| 942 |
_2ddc _cBK |
||
| 999 |
_c16921 _d16921 |
||